Des-edúcate: una propuesta para vivir y convivir mejor
Shranjeno v:
| Main Authors: | , |
|---|---|
| Format: | Knjiga |
| Jezik: | španščina |
| Izdano: |
Barcelona
Paidós
2004
|
| Serija: | Paidós Contextos, 86
|
| Teme: | |
| Oznake: |
Označite
Brez oznak, prvi označite!
|
MARC
| LEADER | 00000nam a2200000 a 4500 | ||
|---|---|---|---|
| 001 | UCH0048 | ||
| 003 | CL-VaPUC | ||
| 008 | 090108e20040000SP |||||||||||||||||spa|d | ||
| 020 | |a 844931657X | ||
| 082 | 0 | 4 | |a 370.115 |b BAC |2 21 |
| 100 | 0 | |a Bach Cobacho, Eva |e author |9 534133 | |
| 700 | 0 | |a Darder Vidal, Pere |e author |9 534134 | |
| 245 | 1 | 0 | |a Des-edúcate: una propuesta para vivir y convivir mejor |
| 300 | |a 212 p | ||
| 942 | |c BK | ||
| 945 | |d 20090108 00:00:00 |a rbrito | ||
| 260 | |a Barcelona |b Paidós |c 2004 | ||
| 650 | 7 | |a EDUCACION SOCIAL |2 CL-VaPUC |9 330279 | |
| 650 | 0 | |a Educación para la vida |9 534135 | |
| 583 | |a last modification |c 20121217 10:39:00 |k Rodrigo Vera | ||
| 490 | 0 | |a Paidós Contextos, 86 | |
| 999 | |c 332453 |d 332451 | ||
| 952 | |0 0 |1 0 |4 0 |6 370_115000000000000_BAC_2004 |7 0 |8 A |9 420166 |a BIBEDU |b BIBEDU |d 2019-11-22 |i 451100K |l 4 |o 370.115 BAC 2004 |p 451100K |r 2022-07-14 |s 2022-07-14 |w 2019-11-22 |y BK |k EPE | ||